Nopietns ieguldījums latviešu glezniecības vēstures izpētē
| Titel: | Nopietns ieguldījums latviešu glezniecības vēstures izpētē |
|---|---|
| Verfasser: | |
| In: |
Latvijas Zinātņu Akadēmija: Latvijas Zinātnu Akadēmijas vēstis. A daļa, Sociālās un humanitārās zinātnes, Band 50, Heft 6 (587) (1996), Seite 107-108 alle Artikel anzeigen |
| Veröffentlicht: | 1996 |
| Format: | Aufsatz |
| Sprache: | Lettisch |
X
alg: 39485247 001A $01999:12-11-16 001B $01999:03-08-21 $t21:04:25.000 001C $06050:19-11-16 $t09:35:55.000 001D $01999:12-11-16 001U $0utf8 001X $00 002@ $0Aox 003@ $0394852478 007A $0394852478 $aHEB 007T $0Herd75838 010@ $alav 011@ $a1996 021A $aNopietns ieguldījums latviešu glezniecības vēstures izpētē 027A $aEin substantieller Beitrag zur Geschichte der lettischen Malerei 028A $aKaminska $dRūta 031A $d50 $e6 (587) $h107-108 $j1996 039B $aIn $8--Abvc--Latvijas Zinātņu Akadēmija [Tb1]. Latvijas Zinātnu Akadēmijas vēstis. A daļa, Sociālās un humanitārās zinātnes. - Rīgā, 1992-. - ISSN 0868-6556 $x199600000500006893 $9048608599 039T $8--Aau--Kļaviņš, Eduards$Z1937- [Tp3]. Latviešu portreta glezniecība. - Rīga : Zinātne, 1996. - 245 S.. - ISBN 5-7966-1087-2 $9054333326 045F $a900.94796 $eDDC23BSB 045F/01 $a900 045F/03 $g4796 045T $a24 $a7,44 046C $aEin substantieller Beitrag zur Geschichte der lettischen Malerei $bÜbers. des Hauptsacht. lok: 39485247 78 exp: 39485247 78 1 #EPN 201B/01 $018-11-16 $t12:56:42.000 201U/01 $0utf8 203@/01 $0791151077 208@/01 $a12-11-16 $be 209A/01 $a/ $f000 $x00 220C/01 $aTitelaufnehmer: pk 244Z/01 $2Trx $#Latvija $#Lettland $#Łotwa $#Lotyšsko $8--Trx--Latvija $x01 $9391275879 244Z/01 $2Trx $#arvustused $#recenzijos $#Reviews $#recenziók $#recenzje $#recenzie $#recenze $8--Trx--Rezensionen $x02 $9391357441 247C/01 $82080>Marburg/Lahn, Herder-Institut, Forschungsbibliothek, Bibliographieportal $9336309341
| LEADER | 00000caa a22000002c 4500 | ||
|---|---|---|---|
| 001 | 394852478 | ||
| 003 | DE-603 | ||
| 005 | 20210803210425.0 | ||
| 007 | tu | ||
| 008 | 161112s1996 xx |||| | u00||u|lav c | ||
| 035 | |a (DE-599)HEB394852478 | ||
| 040 | |a DE-603 |b ger |c DE-603 |d DE-603 | ||
| 041 | |a lav | ||
| 082 | 0 | 4 | |8 1\u |a 900.94796 |q DE-101 |2 23/BSB |
| 084 | |a 24 |a 7,44 |2 ssgn | ||
| 085 | |8 1\u |b 900 | ||
| 085 | |8 1\u |z 2 |s 4796 | ||
| 100 | 1 | |a Kaminska, Rūta | |
| 245 | 0 | 0 | |a Nopietns ieguldījums latviešu glezniecības vēstures izpētē |
| 246 | 1 | |i Übers. des Hauptsacht. |a Ein substantieller Beitrag zur Geschichte der lettischen Malerei | |
| 246 | 1 | 3 | |a Ein substantieller Beitrag zur Geschichte der lettischen Malerei |
| 264 | 0 | |c 1996 | |
| 773 | 0 | 8 | |i In |a Latvijas Zinātņu Akadēmija |t Latvijas Zinātnu Akadēmijas vēstis. A daļa, Sociālās un humanitārās zinātnes |d Rīgā, 1992- |x 0868-6556 |g Band 50, Heft 6 (587) (1996), Seite 107-108 |w (DE-603)048608599 |w (DE-600)1116654-X |
| 787 | 0 | 8 | |i Rezension von |a Kļaviņš, Eduards, 1937- |t Latviešu portreta glezniecība |d Rīga : Zinātne, 1996 |h 245 S. |z 5796610872 |w (DE-603)054333326 |
| 924 | 0 | |9 2080 |a (DE-603)791151077 |b DE-2080 |c HES |d d |g / | |


